[Event "Victoria op"]
[Site "Victoria"]
[Date "2019.04.19"]
[Round "1"]
[White "Doknjas, John"]
[Black "Haines, Duncan"]
[Result "1-0"]
[WhiteElo "2304"]
[BlackElo "2003"]
[PlyCount "79"]
[EventDate "2019.04.19"]
[EventType "swiss"]
[EventRounds "6"]
[EventCountry "CAN"]
[SourceTitle "CBM 190 Extra"]
[Source "ChessBase"]
[SourceDate "2019.07.15"]
[SourceVersion "1"]
[SourceVersionDate "2019.07.15"]
[SourceQuality "1"]

1. d4 Nf6 2. c4 e6 3. Nc3 d5 4. cxd5 exd5 5. Bg5 Be7 6. e3 c6 7. Bd3 Nbd7 8. Nf3 0-0 9. Qc2 Re8 10. h3 Ne4 11. Bf4 Ndf6 12. 0-0 Bd6 13. Ne5 Nxc3 14. bxc3 Be6 15. g4 h6 16. f3 Nd7 17. Nxf7 Bxf7 18. Bxd6 Rxe3 19. Bf4 Re8 20. Kh2 b5 21. Qd2 Qf6 22. g5 hxg5 23. Bxg5 Qd6+ 24. Bf4 Qf6 25. Rg1 g6 26. Rg3 Re6 27. Bg5 Qg7 28. f4 Nf8 29. f5 Ree8 30. fxg6 Nxg6 31. Bh6 Qf6 32. Bxg6 Bxg6 33. Rxg6+ Qxg6 34. Rg1 Re6 35. Rxg6+ Rxg6 36. Bf4 Rf8 37. Be5 Rf1 38. Qe2 Rgg1 39. Qh5 Rh1+ 40. Kg3 1-0

[Event "Victoria Saanich inv III A"]
[Site "Victoria"]
[Date "2017.10.07"]
[Round "1.1"]
[White "Haines, Duncan"]
[Black "Doknjas, Neil"]
[Result "1-0"]
[WhiteElo "1823"]
[BlackElo "1937"]
[PlyCount "99"]
[EventDate "2017.10.07"]
[EventType "tourn"]
[EventRounds "5"]
[EventCountry "CAN"]
[SourceTitle "EXT 2022"]
[Source "ChessBase"]
[SourceDate "2021.10.06"]
[SourceVersion "1"]
[SourceVersionDate "2021.10.06"]
[SourceQuality "1"]

1. d4 d5 2. Nf3 Nf6 3. c4 e6 4. Nc3 Be7 5. Bf4 0-0 6. e3 b6 7. Be2 Bb7 8. 0-0 Nbd7 9. cxd5 exd5 10. Rc1 Nh5 11. Be5 f6 12. Bg3 Nxg3 13. hxg3 f5 14. Qb3 Nf6 15. Ne5 c5 16. dxc5 Bxc5 17. Bf3 Kh8 18. Rfd1 Qe7 19. Nd3 Ne4 20. Nxc5 Nxc5 21. Qa3 Rfd8 22. Bxd5 Bxd5 23. Rxd5 Rxd5 24. Nxd5 Qe5 25. Nxb6 Rd8 26. Qxc5 Qxc5 27. Rxc5 axb6 28. Rxf5 g6 29. Rb5 Rd1+ 30. Kh2 Rd6 31. g4 Kg7 32. Kg3 Kf6 33. g5+ Ke6 34. f4 Kd7 35. Kf3 Kc6 36. a4 Rd1 37. g4 Rf1+ 38. Kg2 Rd1 39. f5 Rd7 40. f6 Rd6 41. Re5 Rd8 42. Re7 Rh8 43. e4 Rd8 44. e5 Kd5 45. e6 Ke4 46. Rd7 Rc8 47. e7 Kf4 48. f7 Rc2+ 49. Kf1 Rc1+ 50. Ke2 1-0

[Event "British Columbia-ch Seniors"]
[Site "Victoria"]
[Date "2017.06.18"]
[Round "4.2"]
[White "Du Buf, Paul"]
[Black "Haines, Duncan"]
[Result "1-0"]
[WhiteElo "2037"]
[BlackElo "1803"]
[PlyCount "45"]
[EventDate "2017.06.16"]
[EventType "swiss"]
[EventRounds "5"]
[EventCountry "CAN"]
[SourceTitle "EXT 2022"]
[Source "ChessBase"]
[SourceDate "2021.10.06"]
[SourceVersion "1"]
[SourceVersionDate "2021.10.06"]
[SourceQuality "1"]

1. e4 c5 2. d4 cxd4 3. c3 dxc3 4. Nxc3 Nc6 5. Bc4 Nf6 6. Nf3 g6 7. e5 Ng4 8. Bxf7+ Kxf7 9. Ng5+ Ke8 10. Qxg4 Nxe5 11. Qe4 d6 12. 0-0 Qd7 13. f4 Nc6 14. Nd5 Bg7 15. Ne6 Kf7 16. f5 Kg8 17. Ndc7 Nd4 18. f6 Nxe6 19. fxg7 Kxg7 20. Nxa8 b5 21. b4 Re8 22. Bb2+ Kg8 23. Rae1 1-0

[Event "British Columbia op"]
[Site "Richmond"]
[Date "2014.02.09"]
[Round "4.10"]
[White "Haines, Duncan"]
[Black "Yu, Robin"]
[Result "0-1"]
[WhiteElo "1735"]
[BlackElo "1976"]
[PlyCount "38"]
[EventDate "2014.02.08"]
[EventType "swiss"]
[EventRounds "6"]
[EventCountry "CAN"]
[SourceTitle "EXT 2022"]
[Source "ChessBase"]
[SourceDate "2021.10.06"]
[SourceVersion "1"]
[SourceVersionDate "2021.10.06"]
[SourceQuality "1"]

1. d4 Nf6 2. c4 c5 3. d5 b5 4. Nf3 d6 5. Qc2 bxc4 6. e4 e6 7. dxe6 fxe6 8. Bg5 Qa5+ 9. Bd2 Qc7 10. Bxc4 Nc6 11. Nc3 a6 12. a3 Be7 13. 0-0 0-0 14. Rad1 Ng4 15. Be2 d5 16. exd5 Rxf3 17. g3 Nd4 18. Qe4 Nf6 19. Bxf3 Nxe4 0-1